000 00415 a2200145 4500
020 _a 978-7-5127-2346-7
040 _aISPLB
082 _b621
100 _91012
_aDepartamento de Desenvolvimento de Mulheres
245 _aDiligencia e Felicidade (Historia de Mulheres Chinesas Acabando com a Pobreza)
260 _aChina ,
_bMulheres da China
_c2023.
300 _a270p
650 _aHistoria
942 _cLivros
999 _c2182
_d2182